000 00934nam a2200265Ia 4500
003 OSt
005 20221005111402.0
006 a|||||r|||| 00| 0
007 ta
008 221004b |||||||| |||| 00| 0 hin d
020 _a9789350727065 (hbk)
_c100
024 _a19677
037 _b518A, 21/03/2015, Vani Prakashan
_cTextual
040 _aCRL
_cCRL
_bhin
041 _2hin
_ahin
082 _aV2:21wL32, 152Q4
100 _aउदय प्रकाश
245 0 _aवारेन हेस्टिंग्स का सॉंड
246 _aVāren hesṭiangsa kā saॉanḍa
260 _aनई दिल्ली
_bवाणी प्रकाशन भारत
_c2014
300 _a80पृ0
_ccm.
650 _aविश्व-इतिहास
942 _hV2:21wL32, 152Q4
_cTEXL
_2cc
999 _c1021681
_d1021681